| 000 | 00512nam a2200157 a 4500 | ||
|---|---|---|---|
| 001 | 000040827 | ||
| 005 | 20251120073733.0 | ||
| 008 | 130909s2002 dr ac 000 0 spa d | ||
| 040 |
_aDO-SdBNP _bspa _cBNPHU |
||
| 082 |
_axxxx _bxxx |
||
| 245 | 0 | 0 |
_aMemorias de un camino : _b1992-2002. / _cprólogo, Radhamés Mejía. |
| 260 |
_aSanto Domingo, : _bPUCMM, _c2002. |
||
| 300 |
_a220 p. : _bil., retr. ; _c28 cm. |
||
| 700 | 1 |
_aMejía, Radhamés _96414 |
|
| 710 | 2 |
_aPontificia Universidad Católica Madre y Maestra _9843 |
|
| 999 |
_c40317 _d40317 |
||